Violencia colectiva
Saved in:
| 主要作者: | |
|---|---|
| 格式: | 圖書 |
| 語言: | 西班牙语 |
| 出版: |
Barcelona
Hacer
2007
|
| 叢編: | Biblioteca de Filosofía y Ciencias Sociales
|
| 主題: | |
| 標簽: |
添加標簽
沒有標簽, 成為第一個標記此記錄!
|
MARC
| LEADER | 00000nam a2200000 a 4500 | ||
|---|---|---|---|
| 001 | UCI5541 | ||
| 003 | CL-VaPUC | ||
| 008 | 080404e20070000SP |||||||||||||||||spa|d | ||
| 020 | |a 9788488711717 | ||
| 082 | 0 | 4 | |a 303.6 |b TIL |2 21 |
| 100 | 0 | |a Tilly, Charles |e author |9 527979 | |
| 245 | 1 | 0 | |a Violencia colectiva |
| 300 | |a 272 p | ||
| 942 | |c BK | ||
| 945 | |d 20080404 00:00:00 |a rbrito | ||
| 260 | |a Barcelona |b Hacer |c 2007 | ||
| 650 | 0 | |a Violencia |9 255411 | |
| 650 | 7 | |a CONDUCTA COLECTIVA |2 CL-VaPUC |9 527980 | |
| 650 | 0 | |a Conflictos sociales |9 372024 | |
| 650 | 0 | |a Política |9 255312 | |
| 583 | |a last modification |c 20080404 00:00:00 |k Rodrigo Vera | ||
| 490 | 0 | |a Biblioteca de Filosofía y Ciencias Sociales | |
| 999 | |c 329282 |d 329280 | ||
| 952 | |0 0 |1 0 |4 0 |6 303_600000000000000_TIL_2007 |7 0 |8 A |9 413662 |a BIBHIS |b BIBHIS |d 2019-11-22 |i 4423372 |l 22 |m 9 |o 303.6 TIL 2007 |p 4423372 |r 2025-04-22 |s 2025-04-22 |w 2019-11-22 |y BK |k HIS | ||